| 000 | 00461nam a22001817a 4500 | ||
|---|---|---|---|
| 999 |
_c525785 _d525785 |
||
| 003 | NUST | ||
| 005 | 20190704102859.0 | ||
| 020 | _q(Hbk) | ||
| 038 | _aM. Shaban | ||
| 082 |
_a370.1 _bKHA |
||
| 100 |
_aKhan, Iqbal _916728 |
||
| 245 |
_aJadeed taleemi falsfa / _cIqbal Khan |
||
| 260 |
_aLahore : _bTajliat. _c1992. |
||
| 300 | _a408 p. ; | ||
| 880 |
_6100-01\r _aاقبال خان |
||
| 880 |
_6245-02\r _aجدید تعلیمی فلسفہ / |
||
| 942 |
_2ddc _cBK |
||